1880 1120 1870 1326 1399 1941 1235 1864 1394 1085 1972 1155 1858 1745 1702 1766 1100 1793 1748 1179 1793 1779 1795 1394 1525 1165 1956 1784 1768 1686 1276 1051 1337 1347 1962 1232 1648 1782 1655 1633 1655 1676 1119 1424 1988 1356 1560 1641 1251 1982 1515 1968 1225 1607 1926 1059 1038 1191 1194 1043 1725 1445 1808 1181 1074 1273 1377 1753 1991 1483 1600 1496 1278 1795 1303 1653 1239 1312 1184 1106 1657 1848 1620 1637 1961 1527 1664 1198 1711 1413 1832 1041 1164 1117 1846 1608 1603 1537 1056 BCNSPRNW ULIB Ver.6.0+V

เปลี่ยนเป็นภาษาไทย

Change to English
 แสดงรายละเอียดบรรณานุกรม
  กลับหน้าหลัก

Brief Record : Get Marc (ISO 2709) : E-mail record : QR code < ปิดหน้าต่าง
LEADER : 00000nam 2200000uu 4500
001    13399120641
003     ULIB
008    121002s2550||||th 000 0 tha d
020    ^a9746146157(ล.1)
060  4 ^aWA400^bม246อ ล.1 2550
110 1  ^aมหาวิทยาลัยสุโขทัยธรรมาธิราช^bสาขาวิชาวิทยาศาสตร์สุขภาพ
245 00 ^aเอกสารการสอนชุดวิชา เออร์กอนอมิคส์และจิตวิทยาในการทำงาน หน่วยที่1-7=^bErgonomics and work psychology/^cสาขาวิชาวิทยาศาสตร์สุขภาพ มหาวิทยาลัยสุโขทัยธรรมาธิราช
246 0  ^aErgonomics and work psychology
250    ^aพิมพ์ครั้งที่ 11
260    ^aนนทบุรี:^bศูนย์หนังสือมหาวิทยาลัยสุโขทัยธรรมาธิราช,^c2550
300    ^a355 หน้า
650  7 ^aเออร์กอนอมิคส์
650  7 ^aการทำงาน^xจิตวิทยา
945    ^p0^l0^i14678
945    ^p0^l0^i14679
995    ^aวิภา
999 ^a ใช้งานได้ทุกระบบ
รายการนี้ยังไม่มีแท็ก
คุณยังไม่ได้ล็อกอิน คุณสามารถมีกิจกรรมร่วมกับเว็บไซต์ได้ แต่ต้องล็อกอินก่อน ::
  ล็อกอิน

รายการสื่อสารสนเทศ

ลำดับที่ ประเภท เลขเรียก/บาร์โค้ด สถานที่ สถานะ
1. วิทยาศาสตร์การแพทย์ และสุขภาพ
วิทยาศาสตร์การแพทย์ และสุขภาพ
WA400 ม246อ ล.1 2550  
  Barcode: 14678
ห้องสมุดวิทยาเขตสวรรค์ประชารักษ์
►หนังสือทั่วไป
บนชั้น
2. วิทยาศาสตร์การแพทย์ และสุขภาพ
วิทยาศาสตร์การแพทย์ และสุขภาพ
WA400 ม246อ ล.1 2550 ฉ.2 
  Barcode: 14679
ห้องสมุดวิทยาเขตสวรรค์ประชารักษ์
►หนังสือทั่วไป
บนชั้น

รายการใกล้เคียง
    หัวเรื่อง [เออร์กอนอมิคส์]

BibComment


ยังไม่เคยถูกคอมเมนท์

คอมเมนท์ทรัพยากรรายการนี้
  คอมเมนท์: เอกสารการสอนชุดว..


 Copyright 2026. Bcnsprnw @Library